000 00719cam a22002533a 4500
001 36686
003 PGUSA
005 20140828083811.0
008 110711s2011||||xxu|||||s|||||000 1 eng d
040 _aPGUSA
_beng
042 _adc
050 4 _aPR
100 1 _aTrollope, Frances Milton,
_d1780-1863
245 1 4 _aThe Vicar of Wrexhill
_h[electronic resource] /
_cFrances Milton Trollope
260 _bProject Gutenberg,
_c2011
506 _aPublic domain in the USA.
516 _aElectronic text
653 _aClergy -- Fiction
653 _aGreat Britain -- Fiction
653 _aReligious fiction
830 0 _aProject Gutenberg
_v36686
856 4 0 _uhttp://www.gutenberg.org/ebooks/36686
942 _cEB
999 _c265941
_d265941